| 000 -LEADER | |
|---|---|
| fixed length control field | 00378nam a22001337a 4500 |
| 020 ## - INTERNATIONAL STANDARD BOOK NUMBER | |
| ISBN | 0749405376 |
| 050 ## - LIBRARY OF CONGRESS CALL NUMBER | |
| Classification number | HF5549 |
| 100 ## - MAIN ENTRY--AUTHOR NAME | |
| Personal name | Micheal Amstrong |
| 245 ## - TITLE STATEMENT | |
| Title | Strategies for human resource management: a total business approach |
| 250 ## - EDITION STATEMENT | |
| Edition statement | 7th ed |
| 260 ## - PUBLICATION, DISTRIBUTION, ETC. (IMPRINT) | |
| Place of publication | London |
| Name of publisher | Kogan Page Ltd |
| Year of publication | 1992 |
| 300 ## - PHYSICAL DESCRIPTION | |
| Number of Pages | 271p.:ill.,includes bibliographical references and index |
| 942 ## - ADDED ENTRY ELEMENTS (KOHA) | |
| Koha item type | Books |
| Koha item type | Collection code | Shelving location | Accession Number | Permanent Location | Current Location | Date acquired | Full call number |
|---|---|---|---|---|---|---|---|
| Books | Lending | Lending | 1254 | Chapman Library | Chapman Library | 2016-04-25 | HF5549arm |

